<?xml version="1.0" encoding="UTF-8"?>
<record
    xmlns:xsi="http://www.w3.org/2001/XMLSchema-instance"
    xsi:schemaLocation="http://www.loc.gov/MARC21/slim http://www.loc.gov/standards/marcxml/schema/MARC21slim.xsd"
    xmlns="http://www.loc.gov/MARC21/slim">

  <leader>00751nam a2200169Ia 4500</leader>
  <controlfield tag="008">090711s9999    xx            000 0 und d</controlfield>
  <datafield tag="082" ind1=" " ind2=" ">
    <subfield code="b">54159</subfield>
  </datafield>
  <datafield tag="100" ind1=" " ind2=" ">
    <subfield code="a">&#x938;&#x93E;&#x920;&#x935;&#x923;&#x947; &#x92A;&#x93E;&#x902;. &#x906;.</subfield>
  </datafield>
  <datafield tag="245" ind1=" " ind2=" ">
    <subfield code="a">&#x906;&#x92F;&#x941;&#x930;&#x94D;&#x935;&#x947;&#x926;&#x940;&#x915; &#x906;&#x938;&#x935; &#x905;&#x930;&#x93F;&#x937;&#x94D;&#x91F;&#x947; &#x935; &#x924;&#x94D;&#x92F;&#x93E;&#x902;S&#x93E;&#x93E; &#x914;&#x937;&#x927;&#x940; &#x909;&#x92A;&#x92F;&#x94B;&#x917;</subfield>
  </datafield>
  <datafield tag="260" ind1=" " ind2=" ">
    <subfield code="c">1985</subfield>
  </datafield>
  <datafield tag="300" ind1=" " ind2=" ">
    <subfield code="a">44</subfield>
  </datafield>
  <datafield tag="600" ind1=" " ind2=" ">
    <subfield code="a">&#x938;&#x93E;&#x920;&#x935;&#x923;&#x947; &#x92A;&#x93E;&#x902;. &#x906;.</subfield>
  </datafield>
  <datafield tag="630" ind1=" " ind2=" ">
    <subfield code="a">&#x906;&#x92F;&#x941;&#x930;&#x94D;&#x935;&#x947;&#x926;&#x940;&#x915; &#x906;&#x938;&#x935; &#x905;&#x930;&#x93F;&#x937;&#x94D;&#x91F;&#x947; &#x935; &#x924;&#x94D;&#x92F;&#x93E;&#x902;S&#x93E;&#x93E; &#x914;&#x937;&#x927;&#x940; &#x909;&#x92A;&#x92F;&#x94B;&#x917;</subfield>
  </datafield>
  <datafield tag="700" ind1=" " ind2=" ">
    <subfield code="a">&#x938;&#x93E;&#x920;&#x935;&#x923;&#x947; &#x92A;&#x93E;&#x902;. &#x906;.</subfield>
  </datafield>
  <datafield tag="730" ind1=" " ind2=" ">
    <subfield code="a">&#x906;&#x92F;&#x941;&#x930;&#x94D;&#x935;&#x947;&#x926;&#x940;&#x915; &#x906;&#x938;&#x935; &#x905;&#x930;&#x93F;&#x937;&#x94D;&#x91F;&#x947; &#x935; &#x924;&#x94D;&#x92F;&#x93E;&#x902;S&#x93E;&#x93E; &#x914;&#x937;&#x927;&#x940; &#x909;&#x92A;&#x92F;&#x94B;&#x917;</subfield>
  </datafield>
  <datafield tag="942" ind1=" " ind2=" ">
    <subfield code="c">BOOK</subfield>
  </datafield>
  <datafield tag="999" ind1=" " ind2=" ">
    <subfield code="c">310458</subfield>
    <subfield code="d">310458</subfield>
  </datafield>
  <datafield tag="952" ind1=" " ind2=" ">
    <subfield code="0">0</subfield>
    <subfield code="1">0</subfield>
    <subfield code="4">0</subfield>
    <subfield code="7">0</subfield>
    <subfield code="a">DASAVA</subfield>
    <subfield code="b">DASAVA</subfield>
    <subfield code="d">2009-07-11</subfield>
    <subfield code="g">2.50</subfield>
    <subfield code="l">0</subfield>
    <subfield code="o">54159</subfield>
    <subfield code="p">DASAVA-54159</subfield>
    <subfield code="r">2009-07-11 00:00:00</subfield>
    <subfield code="v">2.50</subfield>
    <subfield code="w">2009-07-11</subfield>
    <subfield code="y">BOOK</subfield>
  </datafield>
</record>
